2024年财富世界500强 - 2024 Fortune Global 500 - Statistics

General Stats
  • This quiz has been taken 34 times
  • The average score is 78 of 500
Answer Stats
排名 企业名称 所属国家/地区 % Correct
5 中国石油化工 中国
96%
6 中国石油天然气 中国
96%
3 国家电网 中国
92%
7 苹果 美国
92%
31 三星电子 韩国
92%
22 中国工商银行 中国
88%
30 中国建设银行 中国
88%
34 中国农业银行 中国
83%
37 中国银行 中国
83%
103 华为 中国
83%
110 特斯拉 美国
83%
11 大众 德国
79%
41 宝马 德国
79%
186 台积电 中国台湾
79%
397 小米 中国
79%
500 三星物产 韩国
79%
15 丰田 日本
75%
42 梅赛德斯-奔驰 德国
75%
45 花旗银行 美国
75%
57 本田 日本
75%
141 腾讯 中国
75%
39 通用 美国
71%
55 中国移动 中国
71%
184 丰田通商 日本
71%
191 通用电气 美国
71%
1 沃尔玛 美国
67%
26 微软 美国
67%
179 招商银行 中国
67%
2 亚马逊 美国
63%
67 汇丰银行 英国
63%
70 阿里巴巴 中国
63%
159 波音 美国
63%
183 空中客车 法国
63%
222 英伟达 美国
63%
279 中国联合网络通信 中国
63%
4 沙特阿美 沙特阿拉伯
58%
13 壳牌 荷兰/英国
58%
73 现代 韩国
58%
135 中国电信 中国
58%
136 日产汽车 日本
58%
143 比亚迪 中国
58%
321 HD现代 韩国
58%
32 鸿海精密工业 中国台湾
54%
36 福特 美国
54%
65 三菱 日本
54%
78 中国南方电网 中国
54%
129 中国第一汽车集团 中国
54%
248 联想 中国
54%
362 通用动力 美国
54%
14 中国建筑 中国
50%
38 美国银行 美国
50%
83 中国邮政 中国
50%
128 索尼 日本
50%
145 西门子 德国
50%
332 可口可乐 美国
50%
17 Alphabet 美国
50%
66 Meta 美国
50%
53 中国平安保险 中国
46%
71 中国中信 中国
46%
93 上海汽车 中国
46%
499 三菱重工业 日本
46%
21 摩根大通 美国
42%
35 中国铁路工程 中国
42%
56 中国海洋石油 中国
42%
96 雀巢 瑞士
42%
123 百事 美国
42%
148 三菱日联金融 日本
42%
154 交通银行 中国
42%
162 起亚 韩国
42%
181 广州汽车工业 中国
42%
210 联合利华 英国
42%
261 英特尔 美国
42%
288 耐克 美国
42%
396 渣打银行 英国
42%
416 三菱电机 日本
42%
209 LG电子 韩国
42%
12 埃克森美孚 美国
38%
47 京东 中国
38%
234 松下 日本
38%
277 美的 中国
38%
282 沃尔沃 瑞典
38%
292 上海浦东发展银行 中国
38%
451 中国中车 中国
38%
355 LG化学 韩国
38%
25 英国石油 英国
33%
44 中国宝武钢铁 中国
33%
59 中国人寿保险 中国
33%
72 中国华润 中国
33%
106 中粮 中国
33%
127 联邦快递 美国
33%
133 戴尔科技 美国
33%
182 瑞银 瑞士
33%
240 东风汽车 中国
33%
250 宁德时代 中国
33%
380 中国核工业 中国
33%
407 海尔智家 中国
33%
474 马自达汽车 日本
33%
478 西门子能源 德国
33%
28 Stellantis 荷兰
33%
20 开市客 美国
29%
43 中国铁道建筑 中国
29%
69 中国五矿 中国
29%
122 家乐福 法国
29%
131 华特迪士尼 美国
29%
185 吉利 中国
29%
205 德意志银行 德国
29%
236 辉瑞制药 美国
29%
271 塔塔汽车 印度
29%
278 美国航空 美国
29%
299 甲骨文 美国
29%
309 中国船舶 中国
29%
371 鞍钢 中国
29%
424 星巴克 美国
29%
442 拼多多 中国
29%
492 阿联酋航空 阿联酋
29%
100 SK 韩国
29%
54 中国中化 中国
25%
87 高盛 美国
25%
89 俄罗斯石油 俄罗斯
25%
121 三井物产 日本
25%
192 北京汽车 中国
25%
193 洛克希德-马丁 美国
25%
206 万科 中国
25%
208 三井住友 日本
25%
251 雷诺 法国
25%
269 惠普 美国
25%
270 联合航空 美国
25%
325 软银 日本
25%
366 华纳兄弟 美国
25%
384 美团 中国
25%
77 德国电信 德国
21%
102 俄罗斯天然气工业 俄罗斯
21%
104 法国兴业银行 法国
21%
111 摩根士丹利 美国
21%
115 强生 美国
21%
116 印度石油 印度
21%
149 宝洁 美国
21%
160 中国兵器工业 中国
21%
161 太平洋建设 中国
21%
172 巴斯夫 德国
21%
180 印度石油天然气 印度
21%
232 兴业银行 中国
21%
406 铃木汽车 日本
21%
415 顺丰 中国
21%
418 中国大唐 中国
21%
386 Inditex 西班牙
21%
8 联合健康 美国
17%
9 伯克希尔-哈撒韦 美国
17%
64 法国巴黎银行 法国
17%
75 山东能源 中国
17%
80 富国银行 美国
17%
82 安联保险 中国
17%
105 博世 德国
17%
109 墨西哥石油 墨西哥
17%
124 联合包裹速递 美国
17%
147 中国航空工业 中国
17%
167 马来西亚国家石油 马来西亚
17%
173 保利 中国
17%
196 日立 日本
17%
237 达美航空 美国
17%
238 中国华能 中国
17%
329 阿斯利康 英国
17%
348 欧莱雅 法国
17%
374 汉莎 德国
17%
470 首钢 中国
17%
74 美国电话电报 美国
13%
84 国家能源投资 中国
13%
99 巴西国家石油 巴西
13%
112 中国医药 中国
13%
120 日本电报电话 日本
13%
140 乐购 英国
13%
156 美国邮政 美国
13%
165 印尼国家石油 印尼
13%
197 罗氏 瑞士
13%
229 默沙东 美国
13%
246 思科 美国
13%
249 河钢 中国
13%
318 住友商事 日本
13%
351 中国民生银行 中国
13%
377 蒂森克虏伯 德国
13%
378 新希望 中国
13%
383 江苏沙钢 中国
13%
426 高通 美国
13%
468 奈飞 美国
13%
495 斯巴鲁 日本
13%
498 ABB 瑞士
13%
23 道达尔能源 法国
8%
24 嘉能可 瑞士
8%
29 雪佛龙 美国
8%
48 家得宝 美国
8%
58 房利美 美国
8%
62 西班牙国家银行 西班牙
8%
86 信实工业 印度
8%
88 房地美 美国
8%
125 泰国国家石油 泰国
8%
126 安盛 法国
8%
132 波兰国营石油 波兰
8%
170 陕西煤业化工 中国
8%
175 山东魏桥 中国
8%
188 雷神 美国
8%
199 卡特彼勒 美国
8%
202 美国大都会 美国
8%
217 巴西银行 巴西
8%
226 瑞穗金融 日本
8%
227 戴姆勒卡车 德国
8%
233 浦项制铁 韩国
8%
256 国家电力投资 中国
8%
264 力拓 英国
8%
267 中国远洋海运 中国
8%
268 必和必拓 澳大利亚
8%
286 拜耳 德国
8%
289 马士基 美国
8%
291 绿地 中国
8%
323 澳新银行 澳大利亚
8%
331 太平洋保险 中国
8%
336 中国华电 中国
8%
343 中国兵器装备 中国
8%
363 淡水河谷 巴西
8%
385 奇瑞 中国
8%
446 友邦保险 中国
8%
471 山西焦煤 中国
8%
480 哥伦比亚国家石油 哥伦比亚
8%
496 法国航空-荷兰皇家航空 法国/荷兰
8%
151 711 日本
8%
10 CVS Health 美国
8%
431 ELO 法国
8%
91 Equinor 挪威
8%
379 KDDI电信 日本
8%
490 Visa 美国
8%
19 托克 新加坡
4%
49 法国电力 法国
4%
50 马拉松石油 美国
4%
63 中国交通建设 中国
4%
76 康卡斯特电信 美国
4%
81 恒力 中国
4%
85 厦门建发 中国
4%
90 塔吉特 美国
4%
97 意大利国家电力 意大利
4%
108 中国电力建设 中国
4%
146 日本邮政 日本
4%
158 中国人民保险 中国
4%
163 西斯科 美国
4%
168 多伦多道明银行 加拿大
4%
187 厦门象屿 中国
4%
190 安赛乐米塔尔 卢森堡
4%
195 美国运通 美国
4%
212 巴克莱 英国
4%
213 晋能 中国
4%
214 中国铝业 中国
4%
219 国际商业机器 美国
4%
220 日本制铁 日本
4%
221 迪尔 美国
4%
228 荷兰国际 荷兰
4%
231 百威英博 比利时
4%
235 康菲石油 美国
4%
242 大众超市 美国
4%
253 中国电子科技 中国
4%
258 巴拉特石油 印度
4%
259 艾伯维 美国
4%
263 诺华 瑞士
4%
274 德国联邦铁路 德国
4%
287 东京海上日动火灾保险 日本
4%
294 蒙特利尔银行 加拿大
4%
305 电装 日本
4%
307 中国建材 中国
4%
314 敬业 中国
4%
317 东京电力 日本
4%
341 法国国营铁路 法国
4%
342 百时美施贵宝 美国
4%
346 陶氏 美国
4%
356 赛默飞世尔 美国
4%
370 深圳市投资控股 中国
4%
376 雅培 美国
4%
381 泰康保险 中国
4%
382 诺斯洛普格拉曼 美国
4%
387 施耐德电气 法国
4%
388 西北互助人寿保险 美国
4%
399 明治安田生命保险 日本
4%
400 葛兰素史克 英国
4%
412 山东高速 中国
4%
413 霍尼韦尔 美国
4%
427 博通 美国
4%
435 中国电子信息产业集团 中国
4%
436 蜀道投资 中国
4%
437 中国中煤能源 中国
4%
450 思爱普 德国
4%
452 上海德龙钢铁 中国
4%
462 爱信 日本
4%
465 台湾中油 中国台湾
4%
466 纽约梅隆银行 美国
4%
475 湖南钢铁 中国
4%
484 澳洲联邦银行 澳大利亚
4%
488 立讯精密工业 中国
4%
16 麦克森 美国
0%
27 嘉德诺健康 美国
0%
33 信诺 美国
0%
51 克罗格 美国
0%
60 沃博联 美国
0%
61 瓦莱罗能源 美国
0%
68 威瑞森电信 美国
0%
92 哈门那 美国
0%
94 州立农业保险 美国
0%
95 印度人寿保险 印度
0%
98 埃尼石油 意大利
0%
101 意昂 德国
0%
107 伊藤忠商事 日本
0%
113 博枫 加拿大
0%
114 皇家阿霍德德尔海兹 荷兰
0%
118 法国农业信贷银行 法国
0%
119 迪奥 法国
0%
134 敦豪 德国
0%
137 加拿大皇家银行 加拿大
0%
138 浙江荣盛控股 中国
0%
139 劳氏 美国
0%
142 厦门国贸 中国
0%
144 日本生命保险 日本
0%
150 物产中大集团 中国
0%
152 艾伯森 美国
0%
153 引能仕 日本
0%
157 江西铜业 中国
0%
164 第一生命 日本
0%
166 万喜 法国
0%
169 卢克石油 俄罗斯
0%
171 盛虹控股 中国
0%
178 印度国家银行 印度
0%
189 伊塔乌联合银行 巴西
0%
198 丰益国际 新加坡
0%
200 西班牙对外银行 西班牙
0%
201 韩国电力 韩国
0%
203 永旺 日本
0%
204 劳埃德银行 英国
0%
211 埃森哲 爱尔兰
0%
215 慕尼黑再保险 德国
0%
216 俄罗斯联邦储蓄银行 俄罗斯
0%
218 前进保险 美国
0%
224 苏黎世保险 瑞士
0%
225 布伊格 法国
0%
230 邦吉 美国
0%
239 中国能源建设 中国
0%
241 拓达聚思 美国
0%
243 浙江恒逸 中国
0%
244 好事达 美国
0%
245 意大利忠利保险 意大利
0%
247 雷普索尔 西班牙
0%
252 巴西布拉德斯科银行 巴西
0%
254 全国保险 美国
0%
255 特许通讯 美国
0%
257 艾德卡 德国
0%
260 纽约人寿保险 美国
0%
265 青山控股 中国
0%
266 保德信 美国
0%
275 出光兴产 日本
0%
276 泰森食品 美国
0%
280 美国利宝互助保险 美国
0%
281 加拿大丰业银行 加拿大
0%
283 意大利联合圣保罗银行 意大利
0%
284 圣戈班 法国
0%
285 陕西延长石油 中国
0%
290 菲尼克斯医药 德国
0%
293 路易达孚 荷兰
0%
295 采埃孚 德国
0%
297 赛诺菲 法国
0%
298 丸红 日本
0%
300 金川 中国
0%
301 瑞士再保险 瑞士
0%
302 安达保险 瑞士
0%
304 第一资本金融 美国
0%
308 威立雅环境 法国
0%
310 沃达丰 英国
0%
312 德国巴登-符腾堡州银行 德国
0%
315 联合信贷 意大利
0%
316 巴登-符腾堡州能源 德国
0%
322 英格卡 荷兰
0%
324 美国国际 美国
0%
326 中国机械工业 中国
0%
328 美洲电信 墨西哥
0%
330 浙江省交通投资 中国
0%
333 美国教师退休基金会 美国
0%
334 巴西联邦储蓄银行 巴西
0%
337 法国国民互助信贷银行 法国
0%
339 现代摩比斯 韩国
0%
340 苏商建设 中国
0%
344 德国大陆集团 德国
0%
347 乔治威斯顿 加拿大
0%
349 墨西哥芬莎饮料 墨西哥
0%
350 西班牙电话 西班牙
0%
352 百思买 美国
0%
353 伍尔沃斯 澳大利亚
0%
354 上海建工 中国
0%
357 麦格纳国际 加拿大
0%
358 奥地利石油天然气 奥地利
0%
359 万通互惠理财 美国
0%
360 联合服务汽车协会 美国
0%
361 广州市建筑 中国
0%
364 紫金矿业 中国
0%
365 旅行者 美国
0%
367 加拿大帝国商业银行 加拿大
0%
368 利安德巴塞尔工业 荷兰
0%
369 森宝利 英国
0%
372 韩华 韩国
0%
373 美国合众银行 美国
0%
375 和硕 中国台湾
0%
389 多来店 美国
0%
393 枫信金融控股 加拿大
0%
394 广州工业投资控股 中国
0%
398 康帕斯 英国
0%
401 森科能源 加拿大
0%
402 杭州市实业投资 中国
0%
403 优步 美国
0%
404 德国中央合作银行 德国
0%
409 法国邮政 法国
0%
410 杭州钢铁 中国
0%
411 上海医药 中国
0%
414 广东省广新控股 中国
0%
417 广州医药 中国
0%
419 曼福 西班牙
0%
420 墨西哥国家电力 墨西哥
0%
421 怡和 中国
0%
422 亿滋国际 美国
0%
423 大和房建 日本
0%
425 新加坡奥兰 新加坡
0%
428 日本钢铁工程 日本
0%
429 海亮 中国
0%
430 美国食品控股 美国
0%
432 米格罗斯 瑞士
0%
434 霍顿 美国
0%
438 铜陵有色金属 中国
0%
439 长江和记实业 中国
0%
440 菲利普-莫里斯 美国
0%
441 帕卡 美国
0%
443 老城堡 爱尔兰
0%
444 广达电脑 中国台湾
0%
445 赛富时 美国
0%
447 纽柯 美国
0%
448 捷普 美国
0%
449 澳大利亚国民银行 澳大利亚
0%
453 莱纳 美国
0%
454 损保 日本
0%
455 礼来 美国
0%
456 韩国天然气 韩国
0%
458 北京建龙重工 中国
0%
459 康明斯 美国
0%
460 陕西建工 中国
0%
461 荷兰合作银行 荷兰
0%
464 英美烟草 英国
0%
467 通威 中国
0%
469 诺和诺德 丹麦
0%
472 广西投资 中国
0%
473 俄罗斯外贸银行 俄罗斯
0%
476 加拿大鲍尔 加拿大
0%
479 斯伦贝谢 美国
0%
481 艾睿电子 美国
0%
483 中国航空油料 中国
0%
485 森特理克 英国
0%
486 林德 英国
0%
487 喜力 荷兰
0%
491 阿波罗全球管理 美国
0%
494 麦德龙 德国
0%
497 安桥 加拿大
0%
489 3M 美国
0%
391 ACS 西班牙
0%
117 ADM 美国
0%
177 Alimentation Couche-Tard 加拿大
0%
174 BPCE银行 法国
0%
18 Cencora 美国
0%
390 Cenovus能源 加拿大
0%
46 Centene 美国
0%
335 CHS 美国
0%
392 Coop 瑞士
0%
40 Elevance Health 美国
0%
155 Energy Transfer 美国
0%
130 Engie 法国
0%
303 Enterprise Products Partners 美国
0%
313 EXOR 荷兰
0%
405 GS加德士 韩国
0%
207 HCA医疗保健 美国
0%
306 HDFC银行 印度
0%
273 Iberdrola 西班牙
0%
176 JBS 巴西
0%
482 Jerónimo Martins 葡萄牙
0%
296 KB金融 韩国
0%
194 KOC 土耳其
0%
433 Mercadona 西班牙
0%
457 Molina Healthcare 美国
0%
338 MS&AD保险 日本
0%
320 Orange 法国
0%
395 PBF能源 美国
0%
272 Performance Food Group 美国
0%
52 Phillips 66 美国
0%
311 Plains GP Holdings 美国
0%
345 Raízen 巴西
0%
463 Rajesh Exports 印度
0%
223 StoneX 美国
0%
327 Talanx 德国
0%
262 TJX 美国
0%
477 Truist Financial 美国
0%
79 Uniper 德国
0%
493 Vibra能源 巴西
0%
319 World Kinect 美国
0%
408 X5零售 荷兰
0%
No matching quizzes found
Score Distribution
Percent of People with Each Score
Percentile by Number Answered
Your Score History
You have not taken this quiz